Kandydaci na prezydenta RP 2020 - Statystyki

Ogólne statystyki
  • Ten quiz został rozwiązany 74 razy
  • Średni wynik to 7 z 11
Statystyki odpowiedzi
% głosów Nazwisko % Poprawnych
30 Rafał Trzaskowski
100%
43 Andrzej Duda
98%
14 Szymon Hołownia
93%
7 Krzysztof Bosak
84%
0 Marek Jakubiak
64%
2 Robert Biedroń
62%
2 Władysław Kosiniak-Kamysz
59%
0 Stanisław Żółtek
54%
0 Paweł Tanajno
52%
0 Waldemar Witkowski
23%
0 Mirosław Piotrowski
21%
Nie znaleziono quizów pasujących do podanych kryteriów
Rozkład punktacji
Procent ludzi z każdym wynikiem
Percentyl według liczby udzielonych odpowiedzi
Twoja historia wyników
Nie rozwiązałeś tego quizu